Statistics for Y Answers Quiz #1

Click here to take the quiz!

General Stats

  • This quiz has been taken 55,572 times
  • The average score is 17 of 24

Answer Stats

ClueAnswer% Correct
Yang counterpartYin
97%
New York baseball teamYankees
96%
_____ Dabba Doo!Yabba
93%
Ivy League universityYale
89%
Oman's neighborYemen
89%
Small green Jedi masterYoda
89%
Most-visited website in the year 2000Yahoo!
86%
U.S. National parkYellowstone
86%
Abominable snowmanYeti
86%
Indian religious practice which
incorporates stretching
Yoga
84%
First name of John Lennon's wifeYoko
82%
Eastern European Jewish languageYiddish
73%
Country that disintegrated in 1991Yugoslavia
73%
Japanese musical instrument companyYamaha
68%
Longest river in ChinaYangtze
65%
Far northwest Canadian territoryYukon
64%
Walled city in northern EnglandYork
63%
Another U.S. National parkYosemite
61%
Arafat's first nameYasser
59%
Mexican peninsula where an asteroid
struck 66 million years ago
Yucatán
59%
Japanese mafiaYakuza
52%
Unit of Chinese currencyYuan
47%
Semi-permanent dwelling of Central AsiaYurt
41%
One-name new age musicianYanni
28%

Score Distribution

Percentile by Number Answered

Percent of People with Each Score

Your Score History

You have not taken this quiz